书目信息 |
| 题名: |
工商管理专业知识与实务 (中级) 考点题库集粹
|
|
| 作者: | ;全国经济专业技术资格考试辅导用书编委会 编写 | |
| 分册: | ||
| 出版信息: | 北京 化学工业出版社 2007.05 |
|
| 页数: | 114页 | |
| 开本: | 26cm | |
| 丛书名: | ||
| 单 册: | ||
| 中图分类: | F203.9-44 | |
| 科图分类: | ||
| 主题词: | 工商管理--gong shang guan li--经济师--资格考核--习题 | |
| 电子资源: | ||
| ISBN: | 978-7-122-00229-7 | |
| 000 | 01323nam0 2200241 450 | |
| 001 | 012007909867 | |
| 005 | 20071008113313.76 | |
| 010 | @a978-7-122-00229-7@dCNY28.00 | |
| 100 | @a20070729d2007 km y0chiy0120 ea | |
| 101 | 0 | @achi |
| 102 | @aCN@b110000 | |
| 105 | @ay q 000yy | |
| 200 | 1 | @a工商管理专业知识与实务 (中级) 考点题库集粹@Agong shang guan li zhuan ye zhi shi yu shi wu(zhong ji)kao dian ti ku ji cui@f全国经济专业技术资格考试辅导用书编委会编写@Fquan guo jing ji zhuan ye ji shu zi ge kao shi fu dao yong shu bian wei hui bian xie |
| 210 | @a北京@c化学工业出版社@d2007.05 | |
| 215 | @a114页@d26cm | |
| 300 | @a全国经济专业技术资格(经济师)考试辅导用书 | |
| 330 | @a本书由多位具有丰富考前辅导经验的专家合力编写而成。编者对近年来经济专业技术资格考试试题的分值分布做了详细的统计、归纳和总结,按章序分类归集后以表格的形式再现本书,这会对考生真正把握考试的重点提供最直接的依据。 | |
| 512 | 1 | @a2007工商管理专业知识与实务 (中级) 考点题库集粹@A2007 gong shang guan li zhuan ye zhi shi yu shi wu(zhong ji)kao dian ti ku ji cui |
| 606 | 0 | @a工商管理@Agong shang guan li@x经济师@x资格考核@j习题 |
| 690 | @aF203.9-44@v4 | |
| 711 | 02 | @a全国经济专业技术资格考试辅导用书编委会@Aquan guo jing ji zhuan ye ji shu zi ge kao shi fu dao yong shu bian wei hui@4编写 |
| 801 | 0 | @aCN@c20071008 |
| 905 | @dF203.9-44@eQ892 | |
| 工商管理专业知识与实务 (中级) 考点题库集粹/全国经济专业技术资格考试辅导用书编委会编写.-北京:化学工业出版社,2007.05 |
| 114页;26cm |
| 全国经济专业技术资格(经济师)考试辅导用书 |
| ISBN 978-7-122-00229-7:CNY28.00 |
| 本书由多位具有丰富考前辅导经验的专家合力编写而成。编者对近年来经济专业技术资格考试试题的分值分布做了详细的统计、归纳和总结,按章序分类归集后以表格的形式再现本书,这会对考生真正把握考试的重点提供最直接的依据。 |
| ● |
| 相关链接 |
|
|
|
正题名:工商管理专业知识与实务 (中级) 考点题库集
索取号:F203.9-44/Q892
 
预约/预借
| 序号 | 登录号 | 条形码 | 馆藏地/架位号 | 状态 | 备注 |
| 1 | 250461 | 202504619 | 社科库409/409社科库 31排5列1层/ [索取号:F203.9-44/Q892] | 在馆 | |
| 2 | 250462 | 202504628 | 社科库409/409社科库 72排2列3层/ [索取号:F203.9-44/Q892] | 在馆 |